00349nam a2200157Ia 4500008004000000041000800040082001200048100000600060245003400066260004100100650000900141650001100150650001200161650000900173650000900182210210b1932 xxu||||| |||| 00| 0 eng d aeng a331/261 a_ aIndian finance year book 1932 aCalcuttabGovernment of India,c1932 ayear aIndian afinance abook a1932